000
00194 a2200097 4500
020
_a
9789707709911
041
_a
spa
100
_a
Carlos Fuentes
245
_a
Cuentos Sobrenaturales
942
_c
BK
999
_c
14332
_d
14332